[Event "Bratsk Region-ch"]
[Site "Bratsk"]
[Date "2013.10.22"]
[Round "4"]
[White "Emelianov, Sergei"]
[Black "Asaturian, Ovanes"]
[Result "1/2-1/2"]
[WhiteElo "1932"]
[BlackElo "2066"]
[PlyCount "111"]
[EventDate "2013.10.19"]
[EventType "swiss"]
[EventRounds "9"]
[EventCountry "RUS"]
[SourceTitle "EXT 2014"]
[Source "ChessBase"]
[SourceDate "2013.11.20"]
[SourceVersion "1"]
[SourceVersionDate "2013.11.20"]
[SourceQuality "1"]

1. e4 e5 2. Nf3 Nc6 3. Bc4 Be7 4. d4 d6 5. d5 Nb8 6. Nc3 Nf6 7. Bg5 Nbd7 8. h3 a6 9. a4 Nb6 10. Bxf6 Bxf6 11. Bb3 Nd7 12. 0-0 0-0 13. Bc4 g6 14. a5 Bg7 15. b4 f5 16. Ra3 Nf6 17. Re1 Nxe4 18. Nxe4 fxe4 19. Rxe4 Qf6 20. Qd2 Bf5 21. Re1 Rae8 22. Nh2 Qh4 23. Bf1 Bh6 24. Qc3 Rf7 25. g3 Qf6 26. f4 Bg7 27. fxe5 Rxe5 28. Rxe5 Qxe5 29. Qxe5 Bxe5 30. c4 Bd4+ 31. Kg2 Be4+ 32. Nf3 Kg7 33. Be2 c6 34. dxc6 bxc6 35. b5 axb5 36. cxb5 cxb5 37. Bxb5 Rb7 38. Rb3 Rc7 39. Bd3 Bd5 40. Rb5 Rc5 41. Rxc5 Bxc5 42. g4 g5 43. Kg3 Be3 44. a6 h6 45. Ne1 Kf6 46. Nc2 Bc5 47. h4 Ke5 48. hxg5 hxg5 49. Bb5 Ke4 50. Ne1 Be3 51. Nd3 Bb6 52. Nb4 Kd4 53. Nxd5 Kxd5 54. Kf3 Kd4 55. Ke2 d5 56. Kd1 1/2-1/2

[Event "Irkutsk Ermolaev Memorial 7th"]
[Site "Irkutsk"]
[Date "2013.08.08"]
[Round "6"]
[White "Emelianov, Sergei"]
[Black "Eliseev, Nikolay"]
[Result "1-0"]
[WhiteElo "1918"]
[BlackElo "2104"]
[PlyCount "63"]
[EventDate "2013.08.02"]
[EventType "swiss"]
[EventRounds "9"]
[EventCountry "RUS"]
[SourceTitle "CBM 155 Extra"]
[Source "ChessBase"]
[SourceDate "2013.08.26"]
[SourceVersion "1"]
[SourceVersionDate "2013.08.26"]
[SourceQuality "1"]

1. d4 g6 2. c4 d6 3. Nc3 Bg7 4. e4 e6 5. Be2 b6 6. Nf3 Bb7 7. Bg5 Ne7 8. Qd2 h6 9. Be3 Nd7 10. Bd3 a6 11. Qc2 Rc8 12. Rd1 0-0 13. 0-0 Qe8 14. Rfe1 f5 15. Ne2 g5 16. exf5 Bxf3 17. fxe6 Nf6 18. gxf3 Qh5 19. Ng3 Qh4 20. d5 c6 21. dxc6 Rxc6 22. Qe2 d5 23. cxd5 Nfxd5 24. Be4 Nxe3 25. Qxe3 Rxe6 26. Bh7+ Kxh7 27. Qxe6 Ng6 28. Qg4 Rf4 29. Qxh4 Nxh4 30. Re7 Nxf3+ 31. Kg2 Kg6 32. Rxg7+ 1-0

[Event "Irkutsk Ermolaev Memorial 5th"]
[Site "Irkutsk"]
[Date "2011.08.09"]
[Round "4"]
[White "Korzhova, Irina"]
[Black "Emelianov, Sergei"]
[Result "0-1"]
[WhiteElo "1576"]
[BlackElo "1935"]
[PlyCount "94"]
[EventDate "2011.08.06"]
[EventType "swiss"]
[EventRounds "9"]
[EventCountry "RUS"]
[SourceTitle "CBM 144 Extra"]
[Source "ChessBase"]
[SourceDate "2011.10.28"]
[SourceVersion "1"]
[SourceVersionDate "2011.10.28"]
[SourceQuality "1"]

1. e4 e5 2. Nf3 Nc6 3. d4 exd4 4. Nxd4 Nf6 5. Nxc6 bxc6 6. e5 Nd5 7. c4 Nb6 8. g3 Bc5 9. b3 Qe7 10. Bb2 d6 11. Bg2 Bb7 12. 0-0 0-0-0 13. exd6 Qg5 14. Qf3 Rxd6 15. Qxf7 Rg6 16. Be4 Rf8 17. Bxg6 Rxf7 18. Bxf7 Qf5 19. Bg8 g5 20. b4 Bxb4 21. c5 Bxc5 22. Nc3 Ba6 23. Rae1 Kb7 24. Ne2 Qc2 25. Bd4 Bxe2 26. Rxe2 Qxe2 27. Bxc5 h5 28. Be3 Qg4 29. Bb3 h4 30. Bd1 Qf5 31. g4 Qd5 32. h3 Nd7 33. a4 a5 34. Be2 Qe4 35. Bd1 Qe5 36. Bc2 Nb6 37. Bf5 Nxa4 38. Bxg5 Nc3 39. Bd2 Ne2+ 40. Kg2 Qd5+ 41. Kh2 Qxd2 42. Rb1+ Ka7 43. Bc8 Qf4+ 44. Kh1 Qe4+ 45. Kh2 Qxb1 46. Kg2 Nd4 47. Bf5 Nxf5 0-1

[Event "Irkutsk-ch op"]
[Site "Irkutsk"]
[Date "2011.04.23"]
[Round "8"]
[White "Emelianov, Sergei"]
[Black "Rusanov, Valery"]
[Result "1-0"]
[WhiteElo "1935"]
[BlackElo "1994"]
[PlyCount "77"]
[EventDate "2011.04.16"]
[EventType "swiss"]
[EventRounds "9"]
[EventCountry "RUS"]
[SourceTitle "EXT 2013"]
[Source "ChessBase"]
[SourceDate "2012.11.22"]
[SourceVersion "1"]
[SourceVersionDate "2012.11.22"]
[SourceQuality "1"]

1. c4 Nf6 2. Nc3 d5 3. cxd5 Nxd5 4. d4 e6 5. e4 Nf6 6. Nf3 Bb4 7. Bd3 h6 8. 0-0 0-0 9. Bf4 c6 10. Qe2 Re8 11. Rac1 Nbd7 12. Rfd1 Nf8 13. h3 Be7 14. Bb1 Nh5 15. Be3 Nf6 16. Rd2 b5 17. e5 Nd5 18. Nxd5 Qxd5 19. Bf4 Bb7 20. a3 Rac8 21. Be4 Qd7 22. Rdc2 Rc7 23. g4 Rec8 24. h4 a5 25. g5 h5 26. Kh2 g6 27. Be3 Qe8 28. Nd2 Nd7 29. Bf3 Nb6 30. Ne4 Nd5 31. Nf6+ Bxf6 32. gxf6 Nxf6 33. exf6 e5 34. Rg1 exd4 35. Bxd4 Qd8 36. Qe3 c5 37. Qh6 Qf8 38. Qxf8+ Kxf8 39. Bxb7 1-0